Lengua y literatura iii : taller de escritura: los textos funcionales /
Guardado en:
| Autor Principal: | |
|---|---|
| Otros Autores: | , |
| Formato: | Libro |
| Publicado: |
Buenos Aires :
Aique,
2000
|
| Series: | Polimodal
|
| Materias: | |
| Etiquetas: |
Agregar Etiqueta
Sin Etiquetas, Sea el primero en etiquetar este registro!
|
| LEADER | 01017nam a22002535a 4500 | ||
|---|---|---|---|
| 001 | CEM.cems010629 | ||
| 005 | 20080506141827.0 | ||
| 008 | 130507s2000##################000#0#####d | ||
| 003 | CEMS | ||
| 082 | 0 | 4 | |a 468 |
| 100 | 1 | |a Atorresi, Ana | |
| 245 | 1 | 0 | |a Lengua y literatura iii : |b taller de escritura: los textos funcionales / |c Ana Atorresi ... [et Al.] |
| 260 | |a Buenos Aires : |b Aique, |c 2000 | ||
| 300 | |a 47 p. | ||
| 490 | 0 | |a Polimodal | |
| 500 | |a Acompaña al libro de texto Lengua y Literatura Iii | ||
| 505 | 0 | |a La escritura -- Los textos funcionales -- El resumen -- La expansión -- El informe de tareas -- El currículum vitae -- La solicitud de empleo | |
| 653 | |a Lengua | ||
| 653 | |a Lengua-polimodal | ||
| 700 | 1 | |a Bannon, M. | |
| 700 | 1 | |a Gándara, S. Zorzut, V. | |
| 859 | |a CEMS |b BIB. CEMS - 11 de abril |h 468 |i At72-1 |p 21212.01 |t Ej.1 |v III |3 III | ||
| 859 | |a CEMS |b BIB. CEMS - 11 de abril |h 468 |i At72-1 |p 21213.01 |t Ej.2 |v III |3 III | ||
| 859 | |a CEMS |b BIB. CEMS - 11 de abril |h 468 |i At72-1 |p 21214.01 |t Ej.3 |v III |3 III | ||
